000 00636nam a22002057a 4500
005 20240530110855.0
008 211004s2009 ua a g b 000 0 ara d
017 _bمصر. دار الكتب
020 _a978977832003000
040 _aEG-CaGPL
_cEG-CaGPL
082 0 4 _221
_a814.02\
_bإ ع
100 0 _aايمان وهمان
245 1 0 _aعلى سلالم تايم سكوير /
_cايمان وهمان
250 _aط.1
260 _aالقاهرة :
_bماهى للنشر والتوزيع،
300 _a112 ص. ؛
_c20 سم.
650 0 7 _2qrmak
_aالمقالات العربية
651 _2qrmak
942 _2ddc
_cBK
999 _c66023
_d66023